[Event "10th Dolomiti Open 2019"]
[Site "Forni di Sopra"]
[Date "2019.06.20"]
[Round "7.9"]
[White "Le Goff, Ronan"]
[Black "Valsecchi, Alessio"]
[Result "0-1"]
[WhiteElo "2229"]
[BlackElo "2504"]
[Annotator "TA"]
[PlyCount "108"]
[EventDate "2019.06.15"]
[EventType "swiss"]
[EventCountry "ITA"]
[SourceTitle "playchess.com"]
[Source "ChessBase"]
[SourceQuality "1"]

{[%evp 18,108,27,23,33,25,46,22,31,23,30,5,26,31,27,-17,-20,-25,-4,-16,-14,-22,-14,-15,-11,-12,0,-39,-39,-73,-61,-59,-56,-97,-61,-90,-80,-90,-110,-127,-147,-146,-13,-14,0,0,0,0,0,-189,-168,-185,-178,-162,-166,-282,-282,-327,-309,-1587,-1517,-29977,-726,-29978,-29978,-29976,-29978,-29984,-29985,-29985,-29986,-29986,-29987,-29987,0,-29981,-29982,-29988,-29983,-29983,-29984,-29984,-29985,-29985,0,-29976,0,-29985,-29986,-29986,-29987,-29984,-29985]} 1. d4 Nf6 2. Nf3 g6 3. g3 Bg7 4. Bg2 O-O 5. O-O d6 6. Re1 Nbd7 7. e4 e5 8. Nc3 c6 9. a4 a5 10. h3 Qc7 {B07: Pirc Defence: Miscellaneous Systems} 11. Be3 Re8 12. d5 Nb6 {The position is equal.} 13. Nd2 Bd7 14. Qe2 Rec8 $146 ({Predecessor:} 14... cxd5 15. exd5 {0-1 (46) Smyslov,V (2600)-Mortensen,E (2460) Bronshoj 1985}) 15. Ra3 cxd5 16. Bxb6 Qxb6 17. Rb3 Qc7 18. exd5 Bh6 19. Ndb1 Nh5 20. Na3 f5 21. Ncb5 Qc5 22. Rc3 Qb4 23. Rxc8+ Rxc8 24. c3 Qc5 25. Kh2 Rf8 26. Rb1 f4 27. b4 Qb6 {aiming for ...fxg3+.} 28. Nc4 Bxb5 29. axb5 fxg3+ ({Black should try} 29... Qxb5 $17 {White should prevent ...a4.} 30. g4 Nf6) 30. fxg3 $11 Qxb5 31. Qg4 {[#]} Nxg3 $1 {[%mdl 512]} 32. Nxd6 (32. Qxg3 Bf4) 32... Qd3 33. Rd1 $2 (33. Qe6+ $11 Kh8 34. Nf7+ Rxf7 35. Qxf7 Qxb1 36. Qe8+ Kg7 37. Qxe5+ Kf7 38. Qxg3) 33... Qxc3 {Hoping for ...Bf4.} 34. Qe6+ Kh8 {Threatens to win with ...Bf4.} 35. Nf7+ Kg7 36. Nxh6 (36. Qxe5+ {might work better.} Qxe5 37. Nxe5) 36... Kxh6 $19 37. Qe7 Rf4 38. d6 $2 (38. Qc5 Qb3 39. Qg1) 38... Ne2 39. Qxb7 Qg3+ 40. Kh1 {[#]} Rh4 $1 41. Qc8 {[#]} Nf4 $1 {[%csl Gf4][%cal Rg3g2][%mdl 64] Double Attack} 42. Rg1 axb4 43. Bf1 Qf3+ 44. Kh2 Qf2+ 45. Kh1 Qf3+ 46. Kh2 b3 47. Qf8+ Kh5 48. Rg5+ Kxg5 49. Qe7+ {[#]} Kf5 $1 50. Qf7+ {[#]} Kg5 $1 51. Qe7+ {[#]} Kf5 $1 52. Qf7+ $1 {[#]} Ke4 $1 {Black mates.} 53. Qc4+ {[#]} Ke3 $1 54. Qxb3+ {[#]} Kf2 $1 {Accuracy: White = 54%, Black = 57%.} 0-1

[Event "10th Dolomiti Open 2019"]
[Site "Forni di Sopra"]
[Date "2019.06.21"]
[Round "8.1"]
[White "Martinez Alcantara, Jose Eduardo"]
[Black "Dreev, Aleksey"]
[Result "1/2-1/2"]
[WhiteElo "2583"]
[BlackElo "2657"]
[Annotator "TA"]
[PlyCount "44"]
[EventDate "2019.06.15"]
[EventType "swiss"]
[EventCountry "ITA"]
[SourceTitle "playchess.com"]
[Source "ChessBase"]
[SourceQuality "1"]

{[%evp 26,33,0,0,19,29,31,31,29,0]} 1. e4 c6 2. d4 d5 3. Nd2 dxe4 4. Nxe4 Bf5 5. Ng3 Bg6 6. h4 h6 7. Nf3 Nd7 8. h5 Bh7 9. Bd3 Bxd3 10. Qxd3 e6 11. Bd2 Ngf6 12. O-O-O Be7 13. Kb1 O-O 14. Ne4 Nxe4 {B19: Classical Caro-Kann: 4...Bf5 main line} 15. Qxe4 Nf6 16. Qe2 Qd5 17. Be3 {[#]} {Predecessor:} Qb5 $146 18. Rd3 Bd6 19. Bd2 Rad8 20. Rh4 c5 21. a4 Qa6 22. dxc5 Bxc5 {0-1 (61) Mista,A (2599)-Piorun,K (2637) Warsaw 2017} 1/2-1/2

[Event "10th Dolomiti Open 2019"]
[Site "Forni di Sopra"]
[Date "2019.06.21"]
[Round "8.2"]
[White "Basso, Pier Luigi"]
[Black "Mareco, Sandro"]
[Result "1/2-1/2"]
[WhiteElo "2539"]
[BlackElo "2643"]
[Annotator "TA"]
[PlyCount "62"]
[EventDate "2019.06.15"]
[EventType "swiss"]
[EventCountry "ITA"]
[SourceTitle "playchess.com"]
[Source "ChessBase"]
[SourceQuality "1"]

{[%evp 19,62,14,6,18,19,8,24,29,29,0,0,0,0,0,-7,-21,0,3,4,0,3,7,21,21,21,15,16,6,6,0,22,0,6,9,7,6,6,6,6,6,6,6,6,6,8]} 1. d4 Nf6 2. c4 e6 3. Nf3 b6 4. g3 Ba6 5. b3 Bb4+ 6. Bd2 Be7 7. Nc3 d5 8. cxd5 exd5 9. Bg2 O-O 10. O-O Re8 11. Ne5 {E15: Queen's Indian: 4 g3 sidelines, 4 g3 Ba6 and 4 g3 Bb7 early deviations} (11. Rc1 Bb7 12. Bf4 c5 13. Ne5 Bf8 14. e3 Na6 15. h4 Nc7 16. g4 Ne6 17. Bg3 cxd4 18. exd4 Rc8 {½-½ (31) Fridman,D (2633)-Le,Q (2714) St Petersburg 2018}) 11... Bb7 12. Qc2 Nbd7 13. Rad1 {White has an edge.} c5 14. Nxd7 $146 ({Predecessor:} 14. Be3 Nf8 15. dxc5 Bxc5 16. Bxc5 bxc5 17. f4 Ne6 18. e3 h6 {½-½ (68) Karg,H (2462)-Pfaff,H (2432) ICCF email 2007}) 14... Qxd7 {The position is equal.} 15. dxc5 d4 {[#] Strongly threatening ...Bxg2.} 16. Bxb7 Qxb7 17. Na4 Rac8 18. b4 bxc5 19. Nxc5 Bxc5 20. bxc5 Ne4 21. Qc4 Nxc5 22. Qxd4 Re4 23. Qd6 Re6 24. Qd4 Re4 25. Qd6 Re6 $132 {[%mdl 2048] Black has counterplay} 26. Qf4 Rxe2 {next ...Nd3 is good for Black.} 27. Be3 {[#] Black must now prevent Bxc5.} Ne6 28. Qa4 h5 29. Qxa7 Qxa7 30. Bxa7 Rxa2 31. Be3 Ra4 {Accuracy: White = 69%, Black = 64%.} 1/2-1/2

[Event "10th Dolomiti Open 2019"]
[Site "Forni di Sopra"]
[Date "2019.06.21"]
[Round "8.3"]
[White "Cruz, Cristhian"]
[Black "Sarkar, Justin"]
[Result "1/2-1/2"]
[WhiteElo "2561"]
[BlackElo "2359"]
[Annotator "ChessBase"]
[PlyCount "62"]
[EventDate "2019.06.15"]
[EventType "swiss"]
[EventCountry "ITA"]
[SourceTitle "playchess.com"]
[Source "ChessBase"]
[SourceQuality "1"]
[TimeControl "40/5400+30:1800+30"]

1. d4 {[%emt 0:00:00]} d5 {[%emt 0:00:59]} 2. c4 {[%emt 0:00:00]} dxc4 {[%emt 0:00:15]} 3. e4 {[%emt 0:00:22]} e5 {[%emt 0:02:00]} 4. Nf3 {[%emt 0:00:15]} Bb4+ {[%emt 0:02:07]} 5. Bd2 {[%emt 0:01:47]} Bxd2+ {[%emt 0:02:01]} 6. Qxd2 {[%emt 0:01:02]} exd4 {[%emt 0:00:16]} 7. Qxd4 {[%emt 0:00:46]} Nf6 {[%emt 0:00:29]} 8. Qxd8+ {[%emt 0:01:34]} Kxd8 {[%emt 0:00:04]} 9. Nc3 {[%emt 0:00:12]} Be6 {[%emt 0:00:48]} 10. Nd4 {[%emt 0:02:45]} Nc6 {[%emt 0:05:24]} 11. Nxc6+ {[%emt 0:21:23]} bxc6 {[%emt 0:00:03]} 12. O-O-O+ {[%emt 0:01:41]} Ke7 {[%emt 0:00:16]} 13. Be2 {[%emt 0:00:12]} Nd7 {[%emt 0:08:13]} 14. Rd4 {[%emt 0:01:52]} Nb6 {[%emt 0:39:32]} 15. Rhd1 {[%emt 0:00:59]} g5 {[%emt 0:01:36]} 16. g3 {[%emt 0:13:19]} f6 {[%emt 0:06:05]} 17. f4 {[%emt 0:16:45]} gxf4 {[%emt 0:00:10]} 18. gxf4 {[%emt 0:00:02]} Rhg8 {[%emt 0:01:37]} 19. f5 {[%emt 0:10:26]} Bf7 {[%emt 0:00:13]} 20. e5 {[%emt 0:00:27]} fxe5 {[%emt 0:02:52]} 21. Rh4 {[%emt 0:00:11]} Nd5 {[%emt 0:05:49]} 22. Bxc4 {[%emt 0:02:29]} Nxc3 {[%emt 0:01:13]} 23. bxc3 {[%emt 0:02:37]} Bxc4 {[%emt 0:02:21]} 24. Rxc4 {[%emt 0:00:14]} Rad8 {[%emt 0:06:30]} 25. Rxc6 {[%emt 0:03:24]} Rxd1+ {[%emt 0:00:10]} 26. Kxd1 {[%emt 0:00:04]} Rg2 {[%emt 0:00:28]} 27. Re6+ {[%emt 0:06:42]} Kf7 {[%emt 0:00:30]} 28. Rxe5 {[%emt 0:00:05]} Rxa2 {[%emt 0:00:25]} 29. Rc5 {[%emt 0:00:27]} Rxh2 {[%emt 0:00:54]} 30. Rxc7+ {[%emt 0:00:04]} Kf6 {[%emt 0:00:05]} 31. Rxa7 {[%emt 0:00:07]} Kxf5 {[%emt 0:00:09]} 1/2-1/2

[Event "10th Dolomiti Open 2019"]
[Site "Forni di Sopra"]
[Date "2019.06.21"]
[Round "8.4"]
[White "Ivanchuk, Vassily"]
[Black "Deac, Bogdan-Daniel"]
[Result "1/2-1/2"]
[WhiteElo "2691"]
[BlackElo "2623"]
[Annotator "TA"]
[PlyCount "128"]
[EventDate "2019.06.15"]
[EventType "swiss"]
[EventCountry "ITA"]
[SourceTitle "playchess.com"]
[Source "ChessBase"]
[SourceQuality "1"]

{[%evp 9,128,20,27,11,13,16,14,-10,0,0,8,9,8,0,34,-9,10,-14,2,9,55,-11,9,9,29,9,9,9,9,-15,7,7,5,13,13,12,10,2,11,-48,-58,-45,-33,-30,-44,-84,-69,-56,-41,-82,-78,-56,0,0,0,-162,-144,-170,-156,-174,-169,-149,-155,-150,-143,-145,-143,-136,-95,-95,-39,-51,-47,-53,-66,-69,-22,-15,0,-77,-77,-77,-77,-77,-77,-83,-8,-8,-8,-12,-16,-129,0,0,0,0,0,0,0,0,0,0,0,0,0,0,0,0,0,0,0,0,0,0,0,0,0,0,0,0,0]} 1. e4 e5 2. Nf3 Nc6 3. Bb5 Nf6 4. d3 Bc5 5. Bxc6 dxc6 6. Nbd2 {C65: Ruy Lopez: Berlin Defence (3...Nf6), unusual lines and 4 0-0 Bc5} (6. O-O Bd6 7. Nbd2 Be6 8. d4 Nd7 9. dxe5 Nxe5 10. Nxe5 Bxe5 11. f4 Qd4+ 12. Kh1 Bd6 13. Qe2 O-O-O {½-½ (44) Leko,P (2702)-Wang,H (2795) Hengshui 2019}) 6... O-O 7. Nc4 Nd7 8. h4 Re8 9. h5 b5 $146 ({Predecessor:} 9... f6 10. Nh4 Nf8 11. Be3 Bxe3 12. Nxe3 Ne6 13. Qd2 c5 14. O-O-O a5 15. g3 b5 16. f4 a4 17. Kb1 b4 18. fxe5 fxe5 19. Nhf5 Nd4 20. h6 g6 {½-½ (20) Haba,P (2476)-Sosna,J (2347) Czech Republic 2017}) 10. Ne3 Nf8 11. Bd2 Rb8 12. a3 Bd4 13. c3 Bc5 14. Qc2 Qf6 15. O-O-O (15. b4 $14 Bb6 16. a4) 15... h6 16. d4 exd4 17. cxd4 Bxd4 18. Nxd4 Qxd4 19. Bb4 Qe5 ({Wrong is} 19... Qxe4 $2 20. Qxe4 Rxe4 21. Rd8 $18) (19... Qb6 {with more complications.} 20. Bc5 Qb7 21. Qc3 a5 22. Qxa5 Ne6) 20. f3 Qg5 21. Bd2 Qf6 22. Kb1 Be6 23. Bc3 Qg5 24. Qf2 ({Better is} 24. Nf5 $11) 24... Rbd8 $15 25. Rxd8 Rxd8 26. f4 $1 {[%cal Rf4g5]} Qe7 $1 27. Qf3 {With the idea f5.} f6 28. f5 Bf7 29. Ng4 Nd7 30. Re1 Qd6 (30... c5 $15 31. Qg3 Kh7 32. Qxc7 b4 33. axb4 cxb4) 31. Rd1 $11 Qe7 32. Qg3 $2 {[#]} (32. Re1 $1 $11) 32... Kh7 $1 $19 33. Re1 Bxh5 34. e5 Bxg4 35. Qxg4 Nxe5 ({Resist} 35... fxe5 36. Qg6+ Kg8 37. Qxc6 $15) 36. Bxe5 fxe5 {[%mdl 4096] Endgame KQR-KQR} 37. Qg6+ Kh8 38. Qxc6 b4 39. axb4 Qf6 (39... Rd4 $17 40. Qe6 Qd6 41. Rxe5 Rxb4 42. Qxd6 cxd6) 40. Qxf6 $15 gxf6 {KR-KR} 41. Rc1 Rd7 42. Rc6 Kg7 43. g4 Rf7 44. Rc4 {[#]} (44. b5 $1 $11) 44... h5 $1 $17 {[%mdl 512]} 45. gxh5 Kh6 46. Rg4 Kxh5 47. Rg6 e4 (47... Rd7 $17) 48. Kc2 $11 Rd7 49. Rxf6 Kg4 50. Rf8 (50. b5 $1 $11) 50... e3 (50... Rd6 $17 {And now ...e3 would win.} 51. Rf7 (51. f6 Kf3 $17) 51... e3) 51. f6 {The position is equal.} e2 (51... Kf3 $5 52. Re8 $8 e2 $11) 52. Re8 Kf3 53. Re5 $1 a6 (53... Kf2 $5 54. Rf5+ $8 Ke3 $11) 54. Kc3 c6 55. Kc2 Kf2 56. Rf5+ Kg3 57. Re5 Kf3 (57... Kf2 $5 58. Rf5+ $8 Kg3 $11) 58. Kc3 Kf2 59. Rf5+ Ke1 (59... Ke3 $5 60. Re5+ $8 Kf2 61. Rf5+ Kg3 $11) 60. Kc2 Rd2+ $1 61. Kc1 {Strongly threatening f7.} Rd1+ 62. Kc2 {Threatens to win with f7.} Rd2+ 63. Kc1 {Black must now prevent f7.} Rd1+ 64. Kc2 {aiming for f7.} Rd2+ {Accuracy: White = 55%, Black = 51%.} 1/2-1/2

[Event "10th Dolomiti Open 2019"]
[Site "Forni di Sopra"]
[Date "2019.06.21"]
[Round "8.6"]
[White "Kumar, Nikhil"]
[Black "Sonis, Francesco"]
[Result "0-1"]
[WhiteElo "2257"]
[BlackElo "2494"]
[Annotator "ChessBase"]
[PlyCount "94"]
[EventDate "2019.06.15"]
[EventType "swiss"]
[EventCountry "ITA"]
[SourceTitle "playchess.com"]
[Source "ChessBase"]
[SourceQuality "1"]
[TimeControl "40/5400+30:1800+30"]

1. d4 {[%emt 0:00:00]} Nf6 {[%emt 0:00:00]} 2. c4 {[%emt 0:00:00]} e6 {[%emt 0:00:00]} 3. Nc3 {[%emt 0:00:00]} Bb4 {[%emt 0:00:00]} 4. e3 {[%emt 0:00:00]} b6 {[%emt 0:00:11]} 5. Bd2 {[%emt 0:00:07]} Bb7 {[%emt 0:00:08]} 6. Nf3 {[%emt 0:00:06]} O-O {[%emt 0:00:12]} 7. Bd3 {[%emt 0:00:25]} d5 {[%emt 0:01:32]} 8. cxd5 {[%emt 0:00:52]} exd5 {[%emt 0:00:21]} 9. O-O {[%emt 0:00:08]} Be7 {[%emt 0:06:45]} 10. Ne5 {[%emt 0:00:59]} c5 {[%emt 0:00:31]} 11. f4 {[%emt 0:02:30]} Nc6 {[%emt 0:00:41]} 12. Rc1 {[%emt 0:06:48]} cxd4 {[%emt 0:07:25]} 13. Nxc6 {[%emt 0:00:42]} Bxc6 {[%emt 0:00:03]} 14. exd4 {[%emt 0:00:12]} Qd7 {[%emt 0:06:16]} 15. Re1 {[%emt 0:10:32]} Bb4 {[%emt 0:08:39]} 16. Ne2 {[%emt 0:07:13]} Bxd2 {[%emt 0:12:09]} 17. Qxd2 {[%emt 0:00:13]} Rfe8 {[%emt 0:00:12]} 18. Ng3 {[%emt 0:07:05]} Ne4 {[%emt 0:02:10]} 19. Qc2 {[%emt 0:20:48]} Rac8 {[%emt 0:00:39]} 20. Ba6 {[%emt 0:01:12]} Bb7 {[%emt 0:02:19]} 21. Qd3 {[%emt 0:00:15]} Bxa6 {[%emt 0:09:54]} 22. Qxa6 {[%emt 0:00:10]} f5 {[%emt 0:01:34]} 23. Ne2 {[%emt 0:07:01]} h6 {[%emt 0:05:56]} 24. g3 {[%emt 0:07:16]} Kh7 {[%emt 0:01:08]} 25. Kg2 {[%emt 0:01:48]} Nd6 {[%emt 0:02:22]} 26. Rxc8 {[%emt 0:07:39]} Rxc8 {[%emt 0:03:37]} 27. Qd3 {[%emt 0:01:00]} Qe6 {[%emt 0:01:43]} 28. Rc1 {[%emt 0:03:51]} Rxc1 {[%emt 0:04:28]} 29. Nxc1 {[%emt 0:00:01]} Qe1 {[%emt 0:00:07]} 30. Qc3 {[%emt 0:02:57]} Qe4+ {[%emt 0:00:29]} 31. Kh3 {[%emt 0:00:34]} Nb5 {[%emt 0:00:27]} 32. Qd3 {[%emt 0:03:36]} Nxd4 {[%emt 0:00:24]} 33. Qxe4 {[%emt 0:00:05]} fxe4 {[%emt 0:01:54]} 34. Kg2 {[%emt 0:00:04]} Kg6 {[%emt 0:01:36]} 35. g4 {[%emt 0:00:17]} Kf6 {[%emt 0:02:14]} 36. Kf2 {[%emt 0:00:19]} g5 {[%emt 0:01:24]} 37. Ke3 {[%emt 0:04:31]} Nc2+ {[%emt 0:00:47]} 38. Kd2 {[%emt 0:00:12]} Nd4 {[%emt 0:00:05]} 39. Ke3 {[%emt 0:00:19]} Nc2+ {[%emt 0:02:02]} 40. Kd2 {[%emt 0:00:05]} Nb4 {[%emt 0:00:02]} 41. a3 {[%emt 0:31:01]} Nc6 {[%emt 0:30:18]} 42. Ke3 {[%emt 0:00:19]} gxf4+ {[%emt 0:00:19]} 43. Kxf4 {[%emt 0:00:06]} Ne5 {[%emt 0:00:02]} 44. Ne2 {[%emt 0:00:33]} Nd3+ {[%emt 0:01:09]} 45. Ke3 {[%emt 0:00:06]} Ke5 {[%emt 0:00:17]} 46. b3 {[%emt 0:00:27]} Ne1 {[%emt 0:00:17]} 47. a4 {[%emt 0:01:32]} d4+ {[%emt 0:18:42] Kxd4+} 0-1

[Event "10th Dolomiti Open 2019"]
[Site "Forni di Sopra"]
[Date "2019.06.21"]
[Round "8.7"]
[White "Guerrero Sierra, Juan Carlos"]
[Black "Bellia, Fabrizio"]
[Result "1/2-1/2"]
[WhiteElo "2290"]
[BlackElo "2450"]
[Annotator "ChessBase"]
[PlyCount "84"]
[EventDate "2019.06.15"]
[EventType "swiss"]
[EventCountry "ITA"]
[SourceTitle "playchess.com"]
[Source "ChessBase"]
[SourceQuality "1"]
[TimeControl "40/5400+30:1800+30"]

1. e4 {[%emt 0:06:49]} e5 {[%emt 0:00:00]} 2. Nf3 {[%emt 0:00:11]} Nc6 {[%emt 0:00:00]} 3. Bb5 {[%emt 0:00:29]} a6 {[%emt 0:00:00]} 4. Ba4 {[%emt 0:00:10]} Nf6 {[%emt 0:00:00]} 5. d3 {[%emt 0:00:10]} b5 {[%emt 0:00:12]} 6. Bb3 {[%emt 0:00:08]} Be7 {[%emt 0:00:35]} 7. Nc3 {[%emt 0:01:11]} d6 {[%emt 0:00:26]} 8. a3 {[%emt 0:00:18]} O-O {[%emt 0:00:36]} 9. Nd5 {[%emt 0:03:17]} Na5 {[%emt 0:06:04]} 10. Ba2 {[%emt 0:00:52]} c6 {[%emt 0:00:54]} 11. Nxf6+ {[%emt 0:01:57]} Bxf6 {[%emt 0:00:06]} 12. b4 {[%emt 0:00:54]} Nb7 {[%emt 0:00:10]} 13. Bb2 {[%emt 0:01:12]} Qe7 {[%emt 0:05:12]} 14. O-O {[%emt 0:04:44]} Be6 {[%emt 0:00:15]} 15. c4 {[%emt 1:15:08]} Rfc8 {[%emt 0:14:35]} 16. Re1 {[%emt 0:00:00]} a5 {[%emt 0:01:38]} 17. cxb5 {[%emt 0:00:00]} cxb5 {[%emt 0:03:49]} 18. Bd5 {[%emt 0:00:00]} Bxd5 {[%emt 0:04:04]} 19. exd5 {[%emt 0:00:00]} Qd7 {[%emt 0:00:06]} 20. Nd2 {[%emt 0:00:00]} Bg5 {[%emt 0:02:32]} 21. Ne4 {[%emt 0:00:00]} Bh6 {[%emt 0:00:57]} 22. Qh5 {[%emt 0:00:00]} Qd8 {[%emt 0:12:46]} 23. d4 {[%emt 0:00:00]} Rc2 {[%emt 0:08:31]} 24. Rab1 {[%emt 0:00:00]} axb4 {[%emt 0:01:12]} 25. axb4 {[%emt 0:00:00]} f6 {[%emt 0:04:06]} 26. Bc1 {[%emt 0:00:00]} Bxc1 {[%emt 0:01:01]} 27. Rexc1 {[%emt 0:00:00]} Rxc1+ {[%emt 0:06:44]} 28. Rxc1 {[%emt 0:00:00]} exd4 {[%emt 0:00:34]} 29. h3 {[%emt 0:00:00]} d3 {[%emt 0:10:48]} 30. Qd1 {[%emt 0:00:00]} f5 {[%emt 0:05:15]} 31. Ng3 {[%emt 0:00:00]} Qg5 {[%emt 0:00:51]} 32. Rc7 {[%emt 0:00:00]} f4 {[%emt 0:00:53]} 33. Ne4 {[%emt 0:00:00]} Qxd5 {[%emt 0:01:44]} 34. Qg4 {[%emt 0:00:00]} Qe5 {[%emt 0:01:30]} 35. Rc8+ {[%emt 0:00:00]} Rxc8 {[%emt 0:00:32]} 36. Qxc8+ {[%emt 0:00:00]} Kf7 {[%emt 0:00:12]} 37. Qxb7+ {[%emt 0:00:00]} Ke6 {[%emt 0:00:10]} 38. Qc6 {[%emt 0:04:06]} Qd4 {[%emt 0:04:03]} 39. Ng5+ {[%emt 0:03:36]} Kf6 {[%emt 0:00:45]} 40. Ne4+ {[%emt 0:00:08]} Ke6 {[%emt 0:00:37]} 41. Nc5+ {[%emt 0:04:41]} Kf6 {[%emt 0:03:45]} 42. Ne4+ {[%emt 0:02:50]} Ke5 {[%emt 0:01:42]} 1/2-1/2

[Event "10th Dolomiti Open 2019"]
[Site "Forni di Sopra"]
[Date "2019.06.21"]
[Round "8.8"]
[White "Haug, Johannes"]
[Black "Alok Sinha"]
[Result "1/2-1/2"]
[WhiteElo "2438"]
[BlackElo "2205"]
[Annotator "NA"]
[PlyCount "66"]
[EventDate "2019.06.15"]
[EventType "swiss"]
[EventCountry "ITA"]
[SourceTitle "playchess.com"]
[Source "ChessBase"]
[SourceQuality "1"]
[TimeControl "40/5400+30:1800+30"]

1. e4 {[%emt 0:00:00]} c5 {[%emt 0:00:00]} 2. Nf3 {[%emt 0:00:00]} d6 {[%emt 0:00:00]} 3. Bb5+ {[%emt 0:00:00]} Nc6 {[%emt 0:00:00]} 4. O-O {[%emt 0:00:20]} Bd7 {[%emt 0:00:00]} 5. Re1 {[%emt 0:00:15]} Nf6 {[%emt 0:00:12]} 6. c3 {[%emt 0:00:07]} a6 {[%emt 0:00:08]} 7. Bc4 {[%emt 0:00:03]} Bg4 {[%emt 0:01:35]} 8. d4 {[%emt 0:00:10]} cxd4 {[%emt 0:01:05]} 9. cxd4 {[%emt 0:00:29]} b5 {[%emt 0:00:27]} 10. Bf1 {[%emt 0:02:14]} e5 {[%emt 0:00:40]} 11. d5 {[%emt 0:07:43]} Nd4 {[%emt 0:00:10]} 12. Be3 {[%emt 0:05:11]} Nxf3+ {[%emt 0:00:57]} 13. gxf3 {[%emt 0:00:04]} Bd7 {[%emt 0:00:11]} 14. a4 {[%emt 0:01:49]} Rb8 {[%emt 0:01:16]} 15. axb5 {[%emt 0:04:44]} axb5 {[%emt 0:00:08]} 16. b4 {[%emt 0:03:55]} Be7 {[%emt 0:00:54]} 17. Nc3 {[%emt 0:02:49]} O-O {[%emt 0:00:15]} 18. Ra5 {[%emt 0:03:27]} Nh5 {[%emt 0:05:44]} 19. Bxb5 {[%emt 0:14:10]} Bh3 {[%emt 0:00:26]} 20. Ra7 {[%emt 0:14:30]} Bg5 {[%emt 0:17:06]} 21. Qd2 {[%emt 0:07:59]} Bf4 {[%emt 0:03:04]} 22. Kh1 {[%emt 0:01:46]} Qh4 {[%emt 0:02:22]} 23. Bxf4 {[%emt 0:00:20]} Nxf4 {[%emt 0:00:31]} 24. Rg1 {[%emt 0:00:52]} Rfc8 {[%emt 0:10:17]} 25. Ra2 {[%emt 0:06:29]} Kh8 {[%emt 0:14:22]} 26. Ba6 {[%emt 0:12:24]} Rg8 {[%emt 0:01:15]} 27. Nd1 {[%emt 0:02:33]} g5 {[%emt 0:01:30]} 28. Ne3 {[%emt 0:00:47]} Rg6 {[%emt 0:00:39]} 29. Rg3 {[%emt 0:03:00]} Rh6 {[%emt 0:02:51]} 30. Kg1 {[%emt 0:01:41]} Rg8 {[%emt 0:10:13]} 31. Be2 {[%emt 0:02:21]} Bd7 {[%emt 0:03:08]} 32. Nf1 {[%emt 0:00:06]} Bh3 {[%emt 0:00:21]} 33. Ne3 {[%emt 0:00:05]} Bd7 {[%emt 0:00:08]} 1/2-1/2

[Event "10th Dolomiti Open 2019"]
[Site "Forni di Sopra"]
[Date "2019.06.21"]
[Round "8.9"]
[White "Gueci, Tea"]
[Black "Anand Nadar"]
[Result "1/2-1/2"]
[WhiteElo "2257"]
[BlackElo "2366"]
[Annotator "ChessBase"]
[PlyCount "64"]
[EventDate "2019.06.15"]
[EventType "swiss"]
[EventCountry "ITA"]
[SourceTitle "playchess.com"]
[Source "ChessBase"]
[SourceQuality "1"]
[TimeControl "40/5400+30:1800+30"]

1. e4 {[%emt 0:00:00]} c5 {[%emt 0:00:00]} 2. Nf3 {[%emt 0:00:00]} d6 {[%emt 0:00:00]} 3. d4 {[%emt 0:00:00]} cxd4 {[%emt 0:00:00]} 4. Nxd4 {[%emt 0:00:00]} Nf6 {[%emt 0:00:00]} 5. Nc3 {[%emt 0:00:00]} a6 {[%emt 0:00:00]} 6. f3 {[%emt 0:00:05]} e5 {[%emt 0:04:24]} 7. Nb3 {[%emt 0:00:07]} Be6 {[%emt 0:00:05]} 8. Be3 {[%emt 1:33:48]} h5 {[%emt 0:00:04]} 9. Nd5 {[%emt 0:00:00]} Bxd5 {[%emt 0:03:19]} 10. exd5 {[%emt 0:00:00]} Nbd7 {[%emt 0:00:08]} 11. Be2 {[%emt 0:00:00]} Rc8 {[%emt 0:00:25]} 12. c4 {[%emt 0:00:00]} g6 {[%emt 0:02:30]} 13. Qd2 {[%emt 0:00:00]} b6 {[%emt 0:05:06]} 14. O-O {[%emt 0:00:00]} Bg7 {[%emt 0:02:44]} 15. Rac1 {[%emt 0:00:00]} O-O {[%emt 0:05:24]} 16. Na1 {[%emt 0:00:00]} a5 {[%emt 0:11:59]} 17. b3 {[%emt 0:00:00]} Nh7 {[%emt 0:01:39]} 18. Nc2 {[%emt 0:00:00]} Re8 {[%emt 0:06:19]} 19. a3 {[%emt 0:00:00]} f5 {[%emt 0:09:16]} 20. b4 {[%emt 0:00:00]} f4 {[%emt 0:10:19]} 21. Bf2 {[%emt 0:00:00]} Bh6 {[%emt 0:01:47]} 22. Bd3 {[%emt 0:00:00]} Kg7 {[%emt 0:01:16]} 23. Na1 {[%emt 0:00:00]} Nhf6 {[%emt 0:05:57]} 24. Qb2 {[%emt 0:00:00]} Kf7 {[%emt 0:01:43]} 25. Nb3 {[%emt 0:00:00]} Rg8 {[%emt 0:02:51]} 26. c5 {[%emt 0:00:00]} a4 {[%emt 0:07:42]} 27. c6 {[%emt 0:00:00]} axb3 {[%emt 0:01:37]} 28. cxd7 {[%emt 0:00:00]} Qxd7 {[%emt 0:00:17]} 29. Qxb3 {[%emt 0:00:00]} g5 {[%emt 0:02:38]} 30. Qb1 {[%emt 0:00:00]} Rc4 {[%emt 0:15:31]} 31. Rc2 Rxc2 {[%emt 0:00:00]} 32. Rc1 Rxc1+ {[%emt 0:00:00]} 1/2-1/2